Integracja Europejska a strategia banków komercyjnych

Enregistré dans:
Détails bibliographiques
Autres auteurs: Baka, Wladyslaw
Format: Livre
Langue:polonais
Publié: Katowice Midzynarodowa Szkola Bankowosci i Finansów 1998
Sujets:
Tags: Ajouter un tag
Pas de tags, Soyez le premier à ajouter un tag!

MARC

LEADER 00000nam a2200000 4500
001 c117736
005 20221221082701.8
020 |a 83-903620-3-1 
041 0 |a pol 
044 |a PL 
245 1 0 |a Integracja Europejska a strategia banków komercyjnych  |c pod redakcja Wladyslawa Baki 
264 1 |a Katowice  |b Midzynarodowa Szkola Bankowosci i Finansów  |c 1998 
300 |a 179 s. 
610 2 0 |a integrácia ekonomická medzinárodná 
610 2 0 |a banky 
610 2 0 |a banky obchodné 
610 2 0 |a trh finančný 
610 2 0 |a stratégia obchodná 
610 2 0 |a politika finančná 
610 2 0 |a štúdie prípadové 
610 2 0 |a služby finančné 
610 2 0 |a únie menové 
610 2 0 |a fúzie 
610 2 0 |a práca 
610 2 0 |a náklady práce 
610 2 0 |a konkurencia 
610 2 0 |a Európska únia 
610 2 0 |a Európa 
610 2 0 |a Poľsko 
700 1 |a Baka, Wladyslaw